000 02774nas a22002895i 4500
001 2509-8020
003 DE-He213
005 20200701150214.0
007 cr nn 008mamaa
008 160805s||||||||gw uu poo|||||| b|EN |d
022 _a2509-8020
024 7 _a41687
_2local
210 1 0 _aJ Patient Rep Outcomes
245 1 0 _aJournal of Patient-Reported Outcomes
_h[electronic resource] /
_cedited by Dennis Revicki, David Feeny.
264 1 _aCham :
_bSpringer International Publishing :
_bImprint: Springer.
300 _bonline resource.
520 _aThe Journal of Patient-Reported Outcomes (JPRO) is an international, open access, multi-disciplinary journal publishing original manuscripts in the field of patient-reported outcomes (PROs). Listed below are some examples of the types of papers to be considered for publication in JPRO. 1) PROs in clinical trials. Results and methodology for PROs in clinical trials and other clinical studies. 2) PROs in clinical practice. Methods and applications of PROs in clinical practice, including individual patient management and using PRO results from comparative studies. 3) Patient, family, community, and public engagement. Methods to engage patients, family members, and members of the general public in the process of PRO-related research, policy formulation, and clinical guidelines development, and the evaluation of the effects of such engagement. 4) Qualitative studies on the development and application of PROs. Application, innovation, and best practices in qualitative and mixed methods in the development and use of PRO measures. 5) Studies of the social and behavioural determinants of health using PRO measures. Observational studies with PRO content. 6) Patient-Reported Experience Measures (PREMs). Factors which may impact the experiences of patients, as well as their families, caregivers and healthcare providers. Innovative methods of capturing and analysing patient experiences. 7) Other papers. JPRO will consider original research and review articles, brief communications, commentaries, editorials, and reviews of recent books and software advances relevant to topics 1 through 6, above. .
650 0 _aMedical research.
650 0 _aQuality of life.
650 1 4 _aQuality of Life Research.
_0http://scigraph.springernature.com/things/product-market-codes/H65000
650 2 4 _aQuality of Life Research.
_0http://scigraph.springernature.com/things/product-market-codes/X23000
700 1 _aRevicki, Dennis.
_eeditor.
_4edt
_4http://id.loc.gov/vocabulary/relators/edt
700 1 _aFeeny, David.
_eeditor.
_4edt
_4http://id.loc.gov/vocabulary/relators/edt
710 2 _aSpringerLink (Online service)
856 4 0 _uhttp://link.springer.com/journal/41687
_zOpen Access
999 _c454257
_d454257